| 000 | 00361 a2200145 4500 | ||
|---|---|---|---|
| 001 | 179772 | ||
| 020 | _a | ||
| 040 | _cMagnum | ||
| 100 | _aSalgado, Mauro Ivan | ||
| 240 | 1 | 0 |
_aMetodos preventivos na saude bucal do escolar _lpor |
| 245 | 1 | 0 | _aMetodos preventivos na saude bucal do escolar |
| 362 | 0 | _a1899 | |
| 697 | _aMAGNITO: PARADIDATICOS | ||
| 942 | _cBK | ||
| 999 |
_c179772 _d179772 |
||